00880nam a22002535i 450000100060000000300090000600500170001500700030003200800410003502000180007604000220009408000180011608000180013424500830015226000650023530000210030049000270032165000450034870000260039383000350041985200330045499900170048795201220050411113ES-MaACL20250514194918.0t|940216s1993 sp ||||0| spa j a84-376-1185-7 aM-BN bspa cM-BN a316.64:860.01 a860.01:316.6404aLas palabras de la tribu b: escritura y habla / cClara Janés ... [et al.]. aMadrid : bCátedra : bMinisterio de Cultura, cD.L. 1993. a190 p ; c20 cm.1 aColección Encuentros 4aLiteratura y sociedad-zEspaña.9146801 aJanés, Clara9660120 aColección Encuentros9185764 aES-MaACLjL-18361 bR.121913 c11113d11113 00104070aATENEOMbATENEOMcDEPO2d2008-01-17eSCl0oL-18361p1011332r2023-02-23 00:00:00w2023-02-23yMONOGRAFIA